| 000 | 00970nam a22002657a 4500 | ||
|---|---|---|---|
| 005 | 20240530110621.0 | ||
| 008 | 161220s2015 ua hk f b 000 0 ara d | ||
| 017 |
_a2015/2836 _bمصر. دار الكتب |
||
| 020 | _a9789774115602 | ||
| 040 |
_aEG-CaGPL _cEG-CaGPL |
||
| 082 | 0 | 4 |
_221 _a796.068\ _bم ت |
| 100 | 0 | _aمختار سالم | |
| 245 | 1 | 2 |
_aالتجهيزات الرياضية / _cمختار سالم |
| 250 | _aط. 1 | ||
| 260 |
_aالقاهرة : _bالمكتبة المصرية للنشر و التوزيع ، _c2015. |
||
| 300 |
_a376 ص. : _bصور ، اشكال ؛ _c24 سم. |
||
| 504 | _aيشتمل على ارجاعات ببليوجرافية | ||
| 650 | 0 | 7 |
_2qrmak _aالتربية البدنية |
| 650 | 0 | 7 |
_2qrmak _aالاجهزة الرياضية |
| 650 | 0 | 7 |
_2qrmak _aالملاعب |
| 651 | _2qrmak | ||
| 653 | 0 | 4 | _aالرياضة البدنية - تجهيزات |
| 942 |
_2ddc _cBK |
||
| 999 |
_c63061 _d63061 |
||